000 00342 a2200109 4500
001 ART_61805
005 20260410161802.0
008 260409a
245 1 0 _aBlanqueo, tapón fiscal, consumido y otros aspectos. Ley 27743
100 1 _aSchwartzman, Daniel
773 0 _tDoctrina tributaria
_g- Nº 536 (nov. 2024)
_wREV4296
999 _c20659
_d20659